| 000 | 00840cam a2200277 a 4500 | ||
|---|---|---|---|
| 001 | 1036686 | ||
| 003 | OSt | ||
| 005 | 20140310182123.0 | ||
| 008 | 891012s1990 nyu b 001 0 eng | ||
| 010 | _a 89025215 | ||
| 020 | _a7100101095 | ||
| 040 |
_aDLC _cDLC _dDLC |
||
| 043 | _an-us--- | ||
| 050 | 0 | 0 |
_aE178.25 _b.D261 1990 |
| 082 | 0 | 0 |
_aHS 973 _bD37 1990 |
| 100 | 1 |
_aDavis, Kenneth C. _914125 |
|
| 245 | 1 | 0 |
_aDon't know much about history : _beverything you need to know about American history, but never learned / _cKenneth C. Davis. |
| 250 | _a1st ed. | ||
| 260 |
_aNew York : _bCrown, _cc1990. |
||
| 300 |
_axv, 462 p. ; _c24 cm. |
||
| 650 | 0 |
_aQuestions and answers. _94945 |
|
| 651 | 0 |
_aUnited States _xHistory _xMiscellanea. _914126 |
|
| 906 |
_a7 _bcbc _corignew _d1 _eocip _f19 _gy-gencatlg |
||
| 942 | _2lcc | ||
| 999 |
_c9566 _d9566 |
||